| 000 | 00872nam a2200265 4500 | ||
|---|---|---|---|
| 001 | 3165256 | ||
| 003 | ARRUPE | ||
| 005 | 20150123134952.0 | ||
| 008 | 750204s1973 enk 001 0 eng | ||
| 010 | _a 75300926 | ||
| 015 | _aGB73-25836 | ||
| 040 |
_aDLC _cDLC _dDLC |
||
| 043 | _af------ | ||
| 050 | 0 | 0 |
_aHQ691 _b.H38 |
| 082 | 0 | 0 | _a261.83/4/2096 |
| 100 | 1 |
_aHastings, Adrian. _914431 |
|
| 245 | 1 | 0 |
_aChristian marriage in Africa: _bbeing a report commissioned by the Archbishops of Cape Town, Central Africa, Kenya, Tanzania and Uganda _c[by Adrian Hastings.] |
| 260 |
_aJohannesburg _bSecretary General of the Anglican Consultative Council _c1974. |
||
| 300 |
_avi, 185 p. _c22 cm. |
||
| 350 | _a£0.60 | ||
| 500 | _aIncludes index. | ||
| 650 | 0 |
_aMarriage _zAfrica. _914432 |
|
| 906 |
_a7 _bcbc _corignew _d3 _encip _f19 _gy-gencatlg |
||
| 942 |
_2lcc _cMONOGRAPH |
||
| 999 |
_c121829 _d121829 |
||